| 000 | 00405nam a22001217a 4500 | ||
|---|---|---|---|
| 082 | _a220 PRO | ||
| 100 |
_aNC Adil Akhtar Ali Khan NC Muhammad Abdullah Naeem NC Syed Haannie Ali Kazmi _973036 |
||
| 245 | _aPR-SOF-1909-Power Monitoring and Optimization System | ||
| 260 |
_aISLAMABAD _bNUST COLLEGE OF EME _c2020 |
||
| 650 | _aDE-COMP-38 | ||
| 700 |
_aProject Supervisor Dr. Usman Ali _971292 |
||
| 942 | _cCR | ||
| 999 |
_c578929 _d578929 |
||